[Event "Первенство Москвы по "]
[Site "Москва"]
[Date "2016.11.17"]
[Round "6.26"]
[White "Zurabian, Vage"]
[Black "Khegay, Ivan"]
[Result "1/2-1/2"]
[WhiteElo "1649"]
[BlackElo "1206"]
[PlyCount "73"]
[EventDate "2016.11.12"]

1. c4 e5 2. g3 Nf6 3. Bg2 c6 4. d4 exd4 5. Qxd4 d5 6. cxd5 cxd5 7. Nf3 Nc6 8.
Qd1 Bc5 9. O-O O-O 10. Bg5 Be6 11. Nc3 h6 12. Bxf6 Qxf6 13. Qc2 Bb6 14. Rfd1
Rfd8 15. Rac1 Ba5 16. Nb5 Rac8 17. Qa4 a6 18. Nc3 Bxc3 19. Rxc3 Ne5 20. Rxc8
Rxc8 21. Qb3 b5 22. Nxe5 Qxe5 23. Bxd5 Bxd5 24. Rxd5 Qxe2 25. Rd3 Rc2 26. Rd8+
Kh7 27. Qxf7 Qe5 28. Rd5 Qe4 29. Rd1 Rxb2 30. a3 Re2 31. Qa7 Re1+ 32. Rxe1
Qxe1+ 33. Kg2 Qe4+ 34. Kg1 Qe1+ 35. Kg2 Qe4+ 36. Kg1 Qe1+ 37. Kg2 1/2-1/2

[Event "Первенство Москвы по "]
[Site "Москва"]
[Date "2016.11.17"]
[Round "6.28"]
[White "Dorofeev, Fedor"]
[Black "Vorobiev-Achinovich, Ivan"]
[Result "1-0"]
[WhiteElo "1460"]
[BlackElo "1378"]
[PlyCount "81"]
[EventDate "2016.11.12"]

1. Nf3 c5 2. e3 d5 3. d4 cxd4 4. exd4 Nc6 5. c3 Nf6 6. g3 g6 7. Bg2 Bg7 8. Bf4
O-O 9. O-O Qb6 10. Qe2 Bg4 11. h3 Bf5 12. g4 Be6 13. Ng5 Na5 14. Nxe6 Qxe6 15.
Qxe6 fxe6 16. Nd2 Nc4 17. Nxc4 dxc4 18. Rfe1 Nd5 19. Be5 Bh6 20. Rad1 Rf7 21.
Bg3 Rf6 22. Bxd5 exd5 23. Rxe7 Rb6 24. Re2 a5 25. Rde1 a4 26. a3 Ra5 27. Bc7
Rab5 28. Bxb6 Rxb6 29. Kg2 Kf7 30. Kg3 Kf6 31. f4 g5 32. f5 Bf8 33. Re6+ Rxe6
34. Rxe6+ Kf7 35. Re5 Bd6 36. Kf3 Bxe5 37. dxe5 b5 38. Ke3 d4+ 39. Kxd4 b4 40.
cxb4 c3 41. bxc3 1-0

[Event "Первенство Москвы по "]
[Site "Москва"]
[Date "2016.11.17"]
[Round "6.29"]
[White "Pryamikov, Dmitriy"]
[Black "Sheyafetdinov, Daniil"]
[Result "1/2-1/2"]
[WhiteElo "1398"]
[BlackElo "1339"]
[PlyCount "103"]
[EventDate "2016.11.12"]

1. e4 e5 2. Nf3 Nc6 3. Bc4 Bc5 4. c3 Nf6 5. d4 exd4 6. e5 d5 7. Bb5 Ne4 8. cxd4
Bb4+ 9. Bd2 Nxd2 10. Nbxd2 O-O 11. Bxc6 bxc6 12. O-O c5 13. Nb3 Ba6 14. a3 Bxf1
15. Qxf1 c4 16. axb4 cxb3 17. Qd3 c6 18. Qxb3 a5 19. bxa5 Rxa5 20. Rc1 Qa8 21.
g3 Ra1 22. Rxa1 Qxa1+ 23. Kg2 Qa7 24. Qc3 Rc8 25. Qd3 g6 26. Qe3 Qe7 27. Qf4 c5
28. dxc5 Rxc5 29. Qd4 Qc7 30. Qh4 h5 31. Qd4 Qc6 32. Qe3 Rc4 33. Qh6 d4 34. Qd2
Qd5 35. Qd3 Rb4 36. Qd2 Rb3 37. Qe2 d3 38. Qd2 Rb7 39. Qc3 Rb6 40. Qd2 Rc6 41.
Qd1 Rc2 42. b4 d2 43. b5 Rc1 44. Qxd2 Qxd2 45. Nxd2 Rc5 46. Nf3 Rxb5 47. h4 Kf8
48. Kh2 Ke7 49. Kg2 Rd5 50. Kh2 f6 51. exf6+ Kxf6 52. Kg2 1/2-1/2

[Event "Первенство Москвы по "]
[Site "Москва"]
[Date "2016.11.17"]
[Round "6.31"]
[White "Makshanov, Matvey"]
[Black "Kazakov, Gleb"]
[Result "1-0"]
[WhiteElo "1353"]
[BlackElo "1366"]
[PlyCount "111"]
[EventDate "2016.11.12"]

1. e4 e5 2. Nf3 Nc6 3. Bc4 Bc5 4. O-O Nf6 5. Re1 d6 6. c3 O-O 7. d3 h6 8. Nbd2
Bg4 9. h3 Bh5 10. Nf1 Bb6 11. Ng3 Bg6 12. Nh4 Kh8 13. Ngf5 Ne7 14. Nxg6+ fxg6
15. Nxe7 Qxe7 16. Be3 Nd7 17. Qg4 Rf6 18. Bxb6 Nxb6 19. Bb3 Qd7 20. Qxd7 Nxd7
21. d4 Rf4 22. f3 a5 23. Be6 Rd8 24. Bxd7 Rxd7 25. dxe5 dxe5 26. Rad1 Rff7 27.
Rd5 Rxd5 28. exd5 Re7 29. f4 e4 30. Kf2 Rd7 31. Rxe4 Rxd5 32. Rd4 Rb5 33. b3
Rc5 34. c4 Kg8 35. Rd5 Rxd5 36. cxd5 Kf8 37. Ke3 Ke7 38. Kd4 Kd6 39. a3 b5 40.
b4 axb4 41. axb4 g5 42. f5 h5 43. g3 Kd7 44. Kc5 Ke7 45. g4 Kf6 46. d6 cxd6+
47. Kxd6 g6 48. fxg6 Kxg6 49. Kc5 hxg4 50. hxg4 Kf6 51. Kxb5 Ke5 52. Kc5 Kf4
53. b5 Kxg4 54. b6 Kf3 55. b7 g4 56. b8=Q 1-0

[Event "Первенство Москвы по "]
[Site "Москва"]
[Date "2016.11.18"]
[Round "7.8"]
[White "Ivanov, Artem T"]
[Black "Zaitsev, Yuriy"]
[Result "1-0"]
[WhiteElo "1660"]
[BlackElo "1523"]
[PlyCount "121"]
[EventDate "2016.11.12"]

1. e4 e6 2. d4 d5 3. Nd2 Nf6 4. e5 Nfd7 5. Bd3 c5 6. c3 b6 7. Ne2 Ba6 8. Nf3
Bxd3 9. Qxd3 Nc6 10. Nf4 cxd4 11. cxd4 Nb4 12. Qe2 Be7 13. O-O O-O 14. a3 Nc6
15. Bd2 Rc8 16. Rac1 h6 17. Qd3 Na5 18. Rxc8 Qxc8 19. Rc1 Qb7 20. Nxe6 fxe6 21.
Qg6 Rf7 22. Bxh6 Nf8 23. Qg4 Nc4 24. Rc3 Nxb2 25. Ne1 Bd8 26. Rg3 Qe7 27. Nf3
Qxa3 28. h3 Qe7 29. Ng5 a5 30. Nxf7 Kxf7 31. Bxg7 Ke8 32. Bxf8 Qxf8 33. Qxe6+
Be7 34. Qc8+ Bd8 35. Qc6+ Ke7 36. Qd6+ Ke8 37. Qe6+ Be7 38. Rg8 a4 39. Rxf8+
Kxf8 40. Qxd5 a3 41. f4 Nd1 42. f5 Nc3 43. Qc6 Ne2+ 44. Kf2 Nxd4 45. Qc8+ Kf7
46. Qc4+ Kf8 47. Qc8+ Kf7 48. e6+ Kf6 49. Qh8+ Kxf5 50. Qxd4 Bc5 51. Qxc5+ bxc5
52. e7 a2 53. e8=Q a1=Q 54. Qf7+ Ke4 55. Qc4+ Ke5 56. Qxc5+ Ke6 57. Qe3+ Kd6
58. g4 Qb2+ 59. Kg3 Qb1 60. g5 Kd7 61. h4 1-0

[Event "Первенство Москвы по "]
[Site "Москва"]
[Date "2016.11.18"]
[Round "7.9"]
[White "Arbuzov, Timofey"]
[Black "Karlov, Egor"]
[Result "1-0"]
[WhiteElo "1811"]
[BlackElo "1623"]
[PlyCount "97"]
[EventDate "2016.11.12"]

1. d4 d5 2. g3 Nf6 3. Bg2 e6 4. Nf3 Be7 5. O-O O-O 6. c4 c6 7. Nc3 Nbd7 8. Qd3
Qc7 9. b3 Bb4 10. Bb2 Bxc3 11. Bxc3 Ne4 12. Bb2 f5 13. Nd2 Ndf6 14. f3 Nxd2 15.
Qxd2 h6 16. Qd3 Bd7 17. e4 fxe4 18. fxe4 dxe4 19. Bxe4 Nxe4 20. Qxe4 Qd6 21. a4
Rxf1+ 22. Kxf1 Qb4 23. Qd3 Qf8+ 24. Kg1 Qf7 25. Ba3 Qh5 26. Rf1 Rd8 27. Qe3 Qg6
28. Qf4 Rc8 29. Qd6 Qe8 30. Qf4 Qh5 31. g4 Qg6 32. h3 a6 33. Kh2 Qc2+ 34. Rf2
Qg6 35. Be7 Kh7 36. Bh4 Kg8 37. Qd6 Qe8 38. Be7 Kh7 39. Rf8 Qg6 40. Qxd7 Qc2+
41. Kg3 Qc3+ 42. Rf3 Qe1+ 43. Kf4 Qd2+ 44. Ke5 Qe2+ 45. Kd6 Qxf3 46. Qxc8 Qf4+
47. Kc5 b6+ 48. Kxb6 Qxd4+ 49. Bc5 1-0

[Event "Первенство Москвы по "]
[Site "Москва"]
[Date "2016.11.18"]
[Round "7.10"]
[White "Levkin, Lev"]
[Black "Yudin, Mikhail"]
[Result "1-0"]
[WhiteElo "1711"]
[BlackElo "1585"]
[PlyCount "63"]
[EventDate "2016.11.12"]

1. d4 Nf6 2. c4 g6 3. Nc3 Bg7 4. e4 d6 5. f3 a6 6. Be3 Nc6 7. Qd2 O-O 8. a3 Rb8
9. Nge2 Na5 10. Nc1 b6 11. Bh6 c5 12. Bxg7 Kxg7 13. d5 Nd7 14. b4 Nb7 15. h4
Ne5 16. h5 f5 17. hxg6 hxg6 18. Qh6+ Kf6 19. f4 Nf7 20. Qh4+ Kg7 21. Qh7+ Kf6
22. Nd3 e5 23. fxe5+ dxe5 24. exf5 Bxf5 25. Qh4+ g5 26. Qf2 Kg6 27. Be2 Qe7 28.
Bh5+ Kg7 29. Qxf5 Nfd6 30. Qg6+ Kh8 31. Bg4+ Qh7 32. Rxh7# 1-0

[Event "Первенство Москвы по "]
[Site "Москва"]
[Date "2016.11.18"]
[Round "7.11"]
[White "Ivanov, Stepan"]
[Black "Kirushin, Ivan"]
[Result "0-1"]
[WhiteElo "1558"]
[BlackElo "1671"]
[PlyCount "90"]
[EventDate "2016.11.12"]

1. d4 d5 2. c4 dxc4 3. e3 a6 4. a4 e6 5. Bxc4 c5 6. Nf3 Nc6 7. O-O cxd4 8. exd4
Nf6 9. Nc3 Be7 10. d5 exd5 11. Nxd5 Nxd5 12. Bxd5 Nb4 13. Bb3 O-O 14. Bf4 Nd3
15. Be5 Nxe5 16. Nxe5 Be6 17. Bxe6 fxe6 18. Qb3 Qd5 19. Qxd5 exd5 20. Rad1 Rfd8
21. Rfe1 Bf6 22. b3 Rac8 23. Ng4 Kf7 24. Nxf6 Kxf6 25. Rd3 h6 26. g3 Rd7 27.
Rf3+ Kg6 28. Re6+ Kh7 29. Rd3 d4 30. Kf1 Rc3 31. Ke2 Rc2+ 32. Kf3 Rf7+ 33. Ke4
Rcxf2 34. Kxd4 Rd7+ 35. Ke3 Rxd3+ 36. Kxd3 Rxh2 37. Re3 Rh5 38. Kd4 Rf5 39. Re5
Rf3 40. Re3 Rxe3 41. Kxe3 Kg6 42. Kf4 Kf6 43. b4 h5 44. a5 g5+ 45. Ke3 h4 0-1

[Event "Первенство Москвы по "]
[Site "Москва"]
[Date "2016.11.18"]
[Round "7.13"]
[White "Akhmetshin, Alexander"]
[Black "Kireev, Igor"]
[Result "1-0"]
[WhiteElo "1666"]
[BlackElo "1479"]
[PlyCount "87"]
[EventDate "2016.11.12"]

1. e4 e5 2. Nf3 Nc6 3. d4 exd4 4. Nxd4 Bc5 5. Be3 Bb6 6. Nc3 Qf6 7. Nd5 Qd8 8.
Nf5 g6 9. Nd4 Nf6 10. Nxb6 axb6 11. Nxc6 bxc6 12. Qd4 Qe7 13. f3 h6 14. a3 c5
15. Qc3 Rg8 16. Bxh6 Nd5 17. Qd2 Nb4 18. c3 Nc2+ 19. Qxc2 Qh4+ 20. Qf2 Qxh6 21.
Bc4 Rg7 22. Rd1 Bb7 23. O-O Rh7 24. g3 O-O-O 25. Qe2 Kb8 26. Rf2 f5 27. e5 f4
28. g4 Rdh8 29. Bd5 Qh3 30. Rg2 Qh4 31. Bxb7 Kxb7 32. Qe4+ Kb8 33. Qxf4 g5 34.
Qd2 Rf8 35. Qe2 Rhf7 36. Rg3 Rxf3 37. Rxf3 Qxg4+ 38. Kf2 Qh4+ 39. Ke3 Rf4 40.
Rxf4 Qxf4+ 41. Kd3 Qf5+ 42. Kd2 Qf4+ 43. Kc2 Qa4+ 44. Kb1 1-0

[Event "Первенство Москвы по "]
[Site "Москва"]
[Date "2016.11.18"]
[Round "7.14"]
[White "Dunaev, Denis"]
[Black "Vdovin, Georgy"]
[Result "1-0"]
[WhiteElo "1559"]
[BlackElo "1637"]
[PlyCount "39"]
[EventDate "2016.11.12"]

1. e4 d5 2. exd5 Nf6 3. c4 c6 4. d4 cxd5 5. Nc3 Nc6 6. Bg5 dxc4 7. Bxc4 Nxd4 8.
Qa4+ Qd7 9. Nb5 e5 10. O-O-O Kd8 11. Nf3 Bc5 12. Nxe5 Qf5 13. Bxf6+ gxf6 14.
Nxf7+ Ke7 15. Nxd4 Qf4+ 16. Kb1 Bxd4 17. Rhe1+ Kf8 18. Qe8+ Kg7 19. Qxh8+ Kg6
20. Qg8+ 1-0

[Event "Первенство Москвы по "]
[Site "Москва"]
[Date "2016.11.18"]
[Round "7.15"]
[White "Kurus, Artem"]
[Black "Gubanov, Timofey"]
[Result "1/2-1/2"]
[WhiteElo "1598"]
[BlackElo "1624"]
[PlyCount "81"]
[EventDate "2016.11.12"]

1. c4 e5 2. g3 g6 3. Bg2 Bg7 4. d3 d6 5. Nf3 f5 6. Nc3 Nc6 7. O-O Nf6 8. Rb1
O-O 9. Nd5 Ne7 10. Nxf6+ Bxf6 11. Bh6 Bg7 12. Qd2 c6 13. Bxg7 Kxg7 14. c5 Qc7
15. cxd6 Qxd6 16. Qc3 Kf6 17. e4 Re8 18. Rfe1 c5 19. Rbc1 Nc6 20. Qxc5 Qxc5 21.
Rxc5 Be6 22. a3 Rad8 23. exf5 Bxf5 24. Nh4 Bxd3 25. Bxc6 bxc6 26. Rxc6+ Re6 27.
Rc7 g5 28. Ng2 a6 29. Ne3 h5 30. h3 Rb6 31. Rec1 Bb5 32. Rh7 Be8 33. b4 Bg6 34.
Rhc7 Rbd6 35. R7c6 Be4 36. Rxd6+ Rxd6 37. Rd1 Rc6 38. Kf1 Ke6 39. Ke2 Rc3 40.
Ra1 Rb3 41. Ra2 1/2-1/2

[Event "Первенство Москвы по "]
[Site "Москва"]
[Date "2016.11.18"]
[Round "7.16"]
[White "Pavlov, Mark"]
[Black "Pischik, Aleksei"]
[Result "1/2-1/2"]
[WhiteElo "1734"]
[BlackElo "1533"]
[PlyCount "74"]
[EventDate "2016.11.12"]

1. d4 d5 2. Nf3 Nf6 3. c4 e6 4. g3 Be7 5. Bg2 O-O 6. O-O dxc4 7. Ne5 Nc6 8.
Bxc6 bxc6 9. Nxc6 Qe8 10. Nxe7+ Qxe7 11. b3 cxb3 12. Qxb3 Rd8 13. Ba3 Qd7 14.
Nc3 Ba6 15. Rfd1 Rab8 16. Qc2 Nd5 17. Nxd5 exd5 18. Rab1 Bc4 19. Rxb8 Rxb8 20.
Rb1 Qe8 21. e3 Rxb1+ 22. Qxb1 Qc8 23. Bc5 a6 24. a3 h6 25. Qd1 Qb7 26. Bb4 Qc8
27. f3 Qe6 28. Qd2 Qf5 29. Kg2 Qb1 30. Qf2 Qd3 31. Bc5 c6 32. Bb4 Qb1 33. Bc5
Qb3 34. Bb4 Qb1 35. Bc5 Qd3 36. Bb4 Qb1 37. Bc5 Qd3 1/2-1/2

[Event "Первенство Москвы по "]
[Site "Москва"]
[Date "2016.11.18"]
[Round "7.17"]
[White "Tishkin, Boris"]
[Black "Gofman, Lev"]
[Result "1-0"]
[WhiteElo "1527"]
[BlackElo "1622"]
[PlyCount "77"]
[EventDate "2016.11.12"]

1. d4 Nf6 2. c4 e6 3. Nf3 c5 4. Nc3 d5 5. e3 Nc6 6. b3 b6 7. Bb2 Bb7 8. cxd5
Nxd5 9. Nxd5 exd5 10. dxc5 Bxc5 11. Bxg7 Bb4+ 12. Nd2 Rg8 13. Bd4 Nxd4 14. exd4
Bc3 15. Rc1 Bxd4 16. Bb5+ Kf8 17. O-O a6 18. Bd3 Be5 19. g3 Bf4 20. Qf3 Qg5 21.
Rfd1 Re8 22. Bf1 Re7 23. Bg2 d4 24. Qd3 Bxg2 25. Kxg2 Rg7 26. Rc2 Bxd2 27.
Rcxd2 Rd7 28. Qxa6 Qd5+ 29. Kg1 Rg4 30. Qxb6 Qe4 31. Qc5+ Kg7 32. h3 Rg6 33.
Rxd4 Rxd4 34. Qxd4+ Qxd4 35. Rxd4 Kf6 36. Rf4+ Ke6 37. a4 f5 38. Kf1 Ke5 39. b4
1-0

[Event "Первенство Москвы по "]
[Site "Москва"]
[Date "2016.11.18"]
[Round "7.18"]
[White "Nasyrov, Anton"]
[Black "Gerasimov, Vadim"]
[Result "1-0"]
[WhiteElo "1485"]
[BlackElo "1566"]
[PlyCount "49"]
[EventDate "2016.11.12"]

1. e4 c5 2. Nf3 d6 3. d4 cxd4 4. Nxd4 Nf6 5. Nc3 g6 6. Be3 Bg7 7. f3 O-O 8. Qd2
Nc6 9. O-O-O d5 10. Nxc6 bxc6 11. exd5 cxd5 12. Nxd5 Nxd5 13. Qxd5 Qc7 14. Qc5
Qb7 15. Qb5 Qc7 16. Qc4 Qa5 17. Bd4 Be6 18. Qc5 Qxc5 19. Bxc5 Bxa2 20. f4 Rab8
21. c3 Rb7 22. Bd4 e6 23. Bxg7 Kxg7 24. Rd4 Bd5 25. Rg1 1-0

[Event "Первенство Москвы по "]
[Site "Москва"]
[Date "2016.11.18"]
[Round "7.19"]
[White "Knjazev, Artem"]
[Black "Baituganov, Vyacheslav"]
[Result "1-0"]
[WhiteElo "1476"]
[BlackElo "1537"]
[PlyCount "87"]
[EventDate "2016.11.12"]

1. e4 c6 2. Nf3 d5 3. exd5 cxd5 4. d4 Bg4 5. Bf4 Nc6 6. c3 e6 7. Bd3 Nf6 8.
Nbd2 Bd6 9. Bxd6 Qxd6 10. Qc2 a6 11. h3 Bh5 12. g4 Bg6 13. O-O-O O-O-O 14. Rde1
Nd7 15. Ng5 Qf4 16. h4 Rdf8 17. Qd1 Nf6 18. f3 Qc7 19. Bxg6 hxg6 20. Nb3 Nh7
21. Nxh7 Rxh7 22. Kb1 Rfh8 23. Nc5 Rxh4 24. Rhf1 g5 25. Nd3 R4h7 26. Ne5 Nxe5
27. Rxe5 Qe7 28. Qe1 Rd8 29. Qe3 Rh6 30. Rxg5 f6 31. Rh5 Rxh5 32. gxh5 Rh8 33.
Rh1 Rh6 34. f4 Qf7 35. Qf3 Qg8 36. Qg4 Kd7 37. Rg1 Rh7 38. Qg6 Ke7 39. f5 Qh8
40. fxe6 Kxe6 41. Re1+ Kd6 42. Re8 Rxh5 43. Rxh8 Rxh8 44. Qxg7 1-0

[Event "Первенство Москвы по "]
[Site "Москва"]
[Date "2016.11.18"]
[Round "7.20"]
[White "Efimov, Ivan"]
[Black "Kushnarenko, Egor"]
[Result "0-1"]
[WhiteElo "1486"]
[BlackElo "1544"]
[PlyCount "122"]
[EventDate "2016.11.12"]

1. e4 c5 2. Nf3 e6 3. d3 Nc6 4. g3 Nf6 5. Bg2 d5 6. Nbd2 Be7 7. O-O O-O 8. c3
Rb8 9. e5 Nd7 10. d4 c4 11. Re1 b5 12. b4 Nb6 13. Nf1 Na4 14. Qc2 Nxc3 15. Qxc3
Bxb4 16. Qe3 Bxe1 17. Qxe1 b4 18. h4 a5 19. N1h2 a4 20. Ng4 b3 21. axb3 axb3
22. Bg5 Qb6 23. Qd2 Qb4 24. Qe3 b2 25. Rb1 c3 26. Nf6+ Kh8 27. Qd3 g6 28. Bh6
Qc4 29. Qc2 Qb3 30. Ne1 Rd8 31. Bc1 Qxc2 32. Nxc2 bxc1=Q+ 33. Rxc1 Rb3 34. Kh2
Ba6 35. Na1 Ra3 36. Nc2 Ra2 37. f4 Bd3 38. Ne1 Bf1 39. Rxc3 Nxd4 40. Ng4 Bxg2
41. Nxg2 Kg7 42. Nf6 Ne2 43. Rc7 d4 44. h5 gxh5 45. Nxh5+ Kg6 46. Nf6 d3 47.
Nh4+ Kg7 48. Nh5+ Kf8 49. Nf6 Nxf4+ 50. Kh1 d2 51. Ng6+ hxg6 52. Nh7+ Kg7 53.
Rxf7+ Kxf7 54. Ng5+ Kg8 55. Nf3 d1=Q+ 56. Ng1 Rh2+ 57. Kxh2 Rd2+ 58. Kh1 Qh5+
59. Nh3 Rh2+ 60. Kg1 Rg2+ 61. Kf1 Qe2# 0-1

[Event "Первенство Москвы по "]
[Site "Москва"]
[Date "2016.11.18"]
[Round "7.21"]
[White "Boger, Juri"]
[Black "Dorofeev, Fedor"]
[Result "1-0"]
[WhiteElo "1542"]
[BlackElo "1460"]
[PlyCount "81"]
[EventDate "2016.11.12"]

1. e4 a6 2. Bc4 b5 3. Bxf7+ Kxf7 4. Qh5+ g6 5. Qd5+ e6 6. Qxa8 Nc6 7. Nf3 Nf6
8. d3 Bc5 9. Ng5+ Ke7 10. Be3 Bb6 11. a4 b4 12. c4 Nd4 13. Kd1 c6 14. Qb8 d6
15. Bxd4 Bxd4 16. Qxb4 Ng4 17. Ke2 Qf8 18. Nf3 Qf6 19. Rf1 Bxb2 20. Ra2 Bd4 21.
Nxd4 Qxd4 22. Qc3 Qxc3 23. Nxc3 Nxh2 24. Rh1 Ng4 25. a5 h5 26. Na4 Rf8 27. f3
Ne5 28. Nb6 Nd7 29. Nxc8+ Rxc8 30. Rb1 d5 31. Rb7 Kd6 32. f4 e5 33. cxd5 exf4
34. Rc2 Nc5 35. Rb6 g5 36. Rxc6+ Rxc6 37. dxc6 Ne6 38. e5+ Kc7 39. Rc4 Nd8 40.
d4 Nf7 41. Kf3 1-0

[Event "Первенство Москвы по "]
[Site "Москва"]
[Date "2016.11.18"]
[Round "7.22"]
[White "Trofimov, Boris"]
[Black "Kondratiev, Vadim"]
[Result "0-1"]
[WhiteElo "1441"]
[BlackElo "1537"]
[PlyCount "114"]
[EventDate "2016.11.12"]

1. e4 e5 2. Nf3 Nc6 3. Bb5 a6 4. Bxc6 dxc6 5. O-O f6 6. Nc3 Bc5 7. h3 Ne7 8. d3
O-O 9. Qe2 Be6 10. Be3 Bd4 11. Nd1 Ng6 12. Bd2 Bb6 13. Kh1 Qd7 14. Nh2 Rad8 15.
f4 exf4 16. Bxf4 Nxf4 17. Rxf4 Rfe8 18. Nf2 Bd4 19. Nfg4 Bxg4 20. Qxg4 Qxg4 21.
Rxg4 Bxb2 22. Rb1 Be5 23. Nf3 b6 24. Rf1 c5 25. Nxe5 fxe5 26. Rf5 Rd7 27. Kh2
Rf7 28. Rgg5 Rxf5 29. Rxf5 Re6 30. Kg3 g6 31. Rf2 Kg7 32. c4 Rd6 33. Rd2 b5 34.
Kf3 b4 35. Ke3 a5 36. Re2 a4 37. Kd2 Rf6 38. Kc2 g5 39. g4 Rf3 40. Rh2 Kg6 41.
h4 Rf7 42. h5+ Kg7 43. Rg2 Rf4 44. Kb2 Rf3 45. Kc2 h6 46. Kd2 Kf6 47. Kc2 Ke6
48. Kd2 Kd6 49. Kc2 Kc6 50. Kd2 Kb6 51. Ke2 Rf4 52. Rg3 Ka5 53. Kd1 Rf2 54. a3
bxa3 55. d4 a2 56. Ra3 a1=Q+ 57. Rxa1 Rf1+ 0-1

[Event "Первенство Москвы по "]
[Site "Москва"]
[Date "2016.11.18"]
[Round "7.23"]
[White "Kalita, Daniil"]
[Black "Kim, Andrey"]
[Result "1/2-1/2"]
[WhiteElo "1520"]
[BlackElo "1440"]
[PlyCount "84"]
[EventDate "2016.11.12"]

1. d4 d5 2. c4 e6 3. Nf3 Nf6 4. Nc3 Be7 5. Bg5 c6 6. Qc2 Nbd7 7. cxd5 exd5 8.
a3 O-O 9. e3 Re8 10. Be2 Nf8 11. O-O a5 12. Ne5 h6 13. Bh4 N6d7 14. Bxe7 Qxe7
15. Nf3 Nf6 16. Bd3 Ne4 17. Ne5 Nxc3 18. bxc3 Nd7 19. f4 Nf8 20. Rae1 f6 21.
Ng6 Nxg6 22. Bxg6 Rf8 23. Bd3 f5 24. c4 Be6 25. c5 Qf7 26. a4 Rae8 27. Rf3 Qc7
28. Rb1 g6 29. Qf2 Kg7 30. Qb2 Re7 31. Qb6 Qxb6 32. Rxb6 Rfe8 33. Rg3 Bc8 34.
Kf2 Kh7 35. h4 Rg8 36. Rb1 Reg7 37. Rh1 Re8 38. Bc2 Kg8 39. Bd3 Kf7 40. h5 g5
41. fxg5 Rxg5 42. Rf3 Kf6 1/2-1/2

[Event "Первенство Москвы по "]
[Site "Москва"]
[Date "2016.11.18"]
[Round "7.25"]
[White "Pryamikov, Dmitriy"]
[Black "Zurabian, Vage"]
[Result "0-1"]
[WhiteElo "1398"]
[BlackElo "1649"]
[PlyCount "124"]
[EventDate "2016.11.12"]

1. e4 e6 2. d4 d5 3. Nd2 c5 4. exd5 Qxd5 5. dxc5 Bxc5 6. Ngf3 Nc6 7. Bc4 Qd8 8.
O-O Nf6 9. Nb3 Bd6 10. Bg5 b6 11. Bb5 Bb7 12. Nbd4 Qc7 13. Bxc6+ Bxc6 14. Nxc6
Qxc6 15. Re1 O-O-O 16. Qe2 h6 17. Qa6+ Kb8 18. Be3 Ng4 19. a4 Nxe3 20. fxe3 Qb7
21. Qxb7+ Kxb7 22. c3 Bc7 23. Red1 Rd6 24. Rxd6 Bxd6 25. Rd1 Rd8 26. Ne5 f6 27.
Nd3 a5 28. Nf2 Kc7 29. g3 Bc5 30. Rxd8 Kxd8 31. e4 Kd7 32. Kg2 Kd6 33. Nd3 g5
34. Kf3 h5 35. h3 f5 36. exf5 exf5 37. b3 Kd5 38. Ne1 Bd6 39. Nd3 Bc5 40. Ne1
Bd6 41. Nd3 Be5 42. Nxe5 Kxe5 43. Ke3 Kd5 44. Kf3 Ke6 45. Ke3 Ke5 46. Kf3 Kd5
47. Ke3 Ke5 48. Kf3 g4+ 49. hxg4 fxg4+ 50. Ke3 Kf5 51. b4 Ke5 52. bxa5 bxa5 53.
Kd3 Kd5 54. Kd2 Kc4 55. Ke3 Kxc3 56. Kf4 Kb4 57. Kg5 Kxa4 58. Kxh5 Kb4 59. Kxg4
a4 60. Kf5 a3 61. g4 a2 62. g5 a1=Q 0-1

[Event "Первенство Москвы по "]
[Site "Москва"]
[Date "2016.11.18"]
[Round "7.26"]
[White "Sheyafetdinov, Daniil"]
[Black "Morozov, Yury"]
[Result "1-0"]
[WhiteElo "1339"]
[BlackElo "1552"]
[PlyCount "32"]
[EventDate "2016.11.12"]

1. d4 d5 2. c4 c6 3. cxd5 cxd5 4. Nf3 Nf6 5. Nc3 Nc6 6. Bf4 g6 7. e3 a6 8. Bd3
Bg7 9. O-O O-O 10. Re1 Bd7 11. Qb3 b5 12. Nxd5 Nxd5 13. Qxd5 Re8 14. Qb3 e6 15.
Nd2 f5 16. Nf3 Ne7 {  } 1-0

[Event "Первенство Москвы по "]
[Site "Москва"]
[Date "2016.11.18"]
[Round "7.27"]
[White "Khegay, Ivan"]
[Black "Dubinenko, Konstantin"]
[Result "0-1"]
[WhiteElo "1206"]
[BlackElo "1519"]
[PlyCount "52"]
[EventDate "2016.11.12"]

1. e4 e5 2. Nf3 Nc6 3. Nc3 Nf6 4. d4 exd4 5. Nxd4 Bb4 6. Nxc6 bxc6 7. Bd3 d5 8.
exd5 cxd5 9. O-O O-O 10. Bg5 Be6 11. Qf3 Be7 12. h3 h6 13. Bh4 Rb8 14. b3 c6
15. Ne2 Rb4 16. Bg3 Ne4 17. Bf4 Ng5 18. Qe3 c5 19. c3 d4 20. Qd2 dxc3 21. Qxc3
Bf6 22. Qxc5 Bxa1 23. Bxg5 hxg5 24. Qxb4 Qxd3 25. Nf4 gxf4 26. Rxa1 Qg6 0-1

[Event "Первенство Москвы по "]
[Site "Москва"]
[Date "2016.11.18"]
[Round "7.28"]
[White "Denisov, Mikhail"]
[Black "Brutian, Kristian"]
[Result "1/2-1/2"]
[WhiteElo "1365"]
[BlackElo "1481"]
[PlyCount "105"]
[EventDate "2016.11.12"]

1. e4 c5 2. Nf3 d6 3. d4 cxd4 4. Nxd4 Nf6 5. Nc3 g6 6. f4 Bg4 7. Bb5+ Bd7 8. e5
dxe5 9. fxe5 Bxb5 10. Ndxb5 Qxd1+ 11. Kxd1 Ng4 12. Nc7+ Kd7 13. Nxa8 Nf2+ 14.
Ke2 Nxh1 15. Be3 Na6 16. Rxh1 Bg7 17. Bxa7 Rxa8 18. Bd4 Ke6 19. Rf1 Nb4 20. Nb5
Rc8 21. c3 Nc6 22. Ke3 Nxe5 23. Re1 Kd5 24. b3 Bh6+ 25. Ke2 Nc6 26. Kd3 e5 27.
Bb6 e4+ 28. Rxe4 Ne5+ 29. Kc2 Kxe4 30. Nd6+ Kd5 31. Nxc8 Ng4 32. Na7 Nxh2 33.
c4+ Kd6 34. Bf2 Ng4 35. Bg3+ Kd7 36. Nb5 Ne3+ 37. Kd3 Nxg2 38. Nd6 Nf4+ 39.
Bxf4 Bxf4 40. Nxb7 h5 41. Ke4 Bc7 42. Nc5+ Kc6 43. Nd3 f5+ 44. Kf3 g5 45. b4
g4+ 46. Kg2 h4 47. Nf2 g3 48. Nh3 Bd6 49. a3 Be5 50. Ng5 f4 51. Nf3 Bf6 52. Kh3
Kd6 53. a4 1/2-1/2

[Event "Первенство Москвы по "]
[Site "Москва"]
[Date "2016.11.18"]
[Round "7.29"]
[White "Zherdev, Sviatoslav"]
[Black "Makshanov, Matvey"]
[Result "1-0"]
[WhiteElo "1412"]
[BlackElo "1353"]
[PlyCount "79"]
[EventDate "2016.11.12"]

1. e4 e5 2. Nf3 Nc6 3. Bc4 Bc5 4. c3 Nf6 5. O-O d6 6. d4 exd4 7. cxd4 Bb6 8. h3
h6 9. Nc3 O-O 10. Re1 Ba5 11. Bd2 Bxc3 12. Bxc3 d5 13. exd5 Nxd5 14. Qb3 Nxc3
15. Qxc3 Qf6 16. Ne5 Bf5 17. Rad1 Rad8 18. b4 Nxe5 19. dxe5 Qg6 20. b5 Qb6 21.
a4 c6 22. a5 Qc7 23. Bd5 Rc8 24. bxc6 bxc6 25. Rc1 Bd7 26. Re3 Rfe8 27. f4 c5
28. Rg3 g6 29. Rxg6+ Kf8 30. Rxh6 Be6 31. Be4 Kg7 32. Rh7+ Kf8 33. Qg3 Rcd8 34.
f5 Ke7 35. fxe6 Kxe6 36. Qg4+ Kxe5 37. Qg3+ Kf6 38. Qxc7 Rxe4 39. Qxf7+ Kg5 40.
Rh5# 1-0

[Event "Первенство Москвы по "]
[Site "Москва"]
[Date "2016.11.18"]
[Round "7.30"]
[White "Vorobiev-Achinovich, Ivan"]
[Black "Khakimullin, Artur"]
[Result "0-1"]
[WhiteElo "1378"]
[BlackElo "1147"]
[PlyCount "36"]
[EventDate "2016.11.12"]

1. c4 e5 2. Nc3 d6 3. Nf3 f5 4. g3 Nf6 5. Bg2 Be7 6. O-O O-O 7. d3 Qe8 8. Be3
Kh8 9. Qb3 Qh5 10. Nd2 c6 11. Rfe1 g5 12. d4 f4 13. dxe5 dxe5 14. Bf3 Qg6 15.
gxf4 gxf4+ 16. Kh1 fxe3 17. Rg1 Qh6 18. fxe3 Qxe3 {  } 0-1

[Event "Первенство Москвы по �"]
[Site "Москва"]
[Date "2016.11.19"]
[Round "8.7"]
[White "Timofeev, Lev"]
[Black "Dunaev, Denis"]
[Result "1-0"]
[WhiteElo "1714"]
[BlackElo "1559"]
[PlyCount "73"]
[EventDate "2016.11.12"]

1. e4 e6 2. d4 d5 3. Nd2 Be7 4. Ngf3 Nf6 5. e5 Nfd7 6. Bd3 c5 7. c3 Nc6 8. O-O
g5 9. dxc5 Bxc5 10. Nb3 Be7 11. Nbd4 a6 12. Nxc6 bxc6 13. Nd4 Nxe5 14. Bc2 c5
15. Nf3 Nc6 16. Qe2 h6 17. Ba4 Bd7 18. Bxc6 Bxc6 19. Ne5 Qd6 20. c4 d4 21. f4
Bf6 22. Qh5 Bxe5 23. fxe5 Qf8 24. Bd2 a5 25. Rf6 Be4 26. Raf1 Ra7 27. Rxe6+ Re7
28. Rb6 Bb7 29. e6 Kd8 30. Bxa5 Kc8 31. exf7 d3 32. Qg4+ Kb8 33. Qg3+ Ka7 34.
Rff6 Rxf7 35. Rxb7+ Kxb7 36. Qf3+ Kb8 37. Rxf7 1-0